| 000 | 00657nam a2200205 a 4500 | ||
|---|---|---|---|
| 001 | 73492 | ||
| 003 | BD-RjUL | ||
| 005 | 20211209082413.0 | ||
| 008 | 170601b1960 enk||||| |||| 001 0 eng d | ||
| 035 | _a(BD-RjUL)73710 | ||
| 040 |
_aBD-RjUL _beng _cBD-RjUL |
||
| 041 | _aeng | ||
| 082 |
_223 _bWAS 1960 _a628.3 |
||
| 245 | 0 | 0 |
_aWaste Treatment : _bproceedings of the second Symposium on the Treatment of Waste Waters / _cPeter C. G. Isaac |
| 260 |
_aOxford : _bPergamon, _c1960. |
||
| 300 |
_aix, 477 p. : _bill. ; _c25 cm. |
||
| 500 | _aIncludes index | ||
| 650 |
_aSewage--Purification--Biological treatment _vWater--Purification _9217492 |
||
| 942 |
_2ddc _cBK |
||
| 999 |
_c73492 _d73492 |
||